000 00860nam a2200217Ia 4500
001 17140
003 GE_BSU
008 181216s||||||||xx |||||||||||||| ||und||
040 _cGE_BSU
080 _a37.01
100 _aგოგებაშვილი, იაკობ (1840-1912)
245 _aთხზულებანი. ტ. 8
245 _cრედ.: გ. თავზიშვილი და დ. ლორთქიფანიძე.ტომი შეადგინა, მოამზადა დასაბეჭდად და კომენტარები დაურთო ვ. ქაჯაიამ
260 _aთბილისი
260 _bცოდნა
260 _c1961
300 _a471გვ.22სმ.
653 _aთხზულებანი
653 _aპედაგოგიკა;
942 _cBK
999 _c50202
_d50202